Le monde grec : De Minos à Alexandre (1700-323 av. J.-C.) (notice n° 2198381)

détails MARC
000 -LEADER
fixed length control field 01514cam a2200133 4500500
005 - DATE AND TIME OF LATEST TRANSACTION
control field 20260405085537.0
041 ## - LANGUAGE CODE
Language code of text/sound track or separate title fre
042 ## - AUTHENTICATION CODE
Authentication code dc
100 10 - MAIN ENTRY--PERSONAL NAME
Personal name Damet, Aurélie
Relator term author
245 00 - TITLE STATEMENT
Title Le monde grec : De Minos à Alexandre (1700-323 av. J.-C.)
260 ## - PUBLICATION, DISTRIBUTION, ETC.
Name of publisher, distributor, etc. Armand Colin,<br/>
Date of publication, distribution, etc. 2020.<br/>
520 ## - SUMMARY, ETC.
Summary, etc. Cet ouvrage a pour but de présenter, sur un mode accessible et synthétique, les mondes grecs du IIe millénaire au IVe siècle av. J.-C.. Il s’agit de revenir sur les inflexions chronologiques majeures de cette période, à savoir l’époque minoenne et mycénienne, la Grèce archaïque et la Grèce classique, qui s’achève sur la montée en puissance macédonienne et les conquêtes d’Alexandre.L’approche chronologique des quatre parties du manuel  est complétée par des synthèses thématiques attendues (ainsi une présentation de la religion grecque polythéiste, un développement sur l’économie des cités ou les Jeux Olympiques)  mais aussi par des chapitres prenant en compte les dernières recherches menées en histoire ancienne, notamment sur la question de la citoyenneté et de la parenté dans les mondes grecs.Plusieurs dossiers feront l’objet d’un commentaire ou d’une dissertation, afin de présenter aux étudiants en formation les deux exercices fondamentaux de l’historien  : le travail sur les sources et l’exigence de la synthèse argumentée. 
856 41 - ELECTRONIC LOCATION AND ACCESS
Uniform Resource Identifier <a href="https://shs.cairn.info/le-monde-grec--9782200618513?lang=fr&redirect-ssocas=7080">https://shs.cairn.info/le-monde-grec--9782200618513?lang=fr&redirect-ssocas=7080</a>

Pas d'exemplaire disponible.

PLUDOC

PLUDOC est la plateforme unique et centralisée de gestion des bibliothèques physiques et numériques de Guinée administré par le CEDUST. Elle est la plus grande base de données de ressources documentaires pour les Étudiants, Enseignants chercheurs et Chercheurs de Guinée.

Adresse

627 919 101/664 919 101

25 boulevard du commerce
Kaloum, Conakry, Guinée

Réseaux sociaux

Powered by Netsen Group @ 2025